00456 2200181 4500001002100000005001500021008004100036020002200077035001900099041000700118082001000125090001600135100002700151245001600178260003300194300002000227650002700247INLIS00000000001475920241224114815241224||||||||| | ||| |||| || |  a978-979-756-264-9 0010-1224014759 aid0 a571.6 a571.6 SUM b0 aSumadi Aditya Marianti00aBIOLOGI SEL aYogyakartabGraha Ilmuc2007 axii+206hlm;23cm 0aILMU TENTANG KEHIDUPAN